000 00698nam a2200205 a 4500
001 000010623
005 20240412074220.0
008 091008s1972 dr 001 p spa d
040 _aDO-SdBNP
_bspa
_cBNPHU
082 _aRD861.44
_bN734t
100 1 _aNivar de Pittaluga, Amada,
_d1898-
_925710
245 1 4 _aLos tres tiempos de la rosa :
_bpoesías /
_cAmada Nivar de Pittaluga.
260 _aSanto Domingo :
_b[s. n.],
_c1972.
300 _a150 p. ;
_c21 cm.
500 _aIncluye datos biográficos de la autora en la contracubierta
590 _aInventariado, 2018/LP
650 0 _aPoesía dominicana
_966
650 0 _aLiteratura dominicana.
_967
910 _aValidado. Control de calidad MFF
999 _c10381
_d10381